Netter fundamentos de fisiología (Registro nro. 75181)
[ vista simple ]
| 000 -ENCABEZADO | |
|---|---|
| Número de control [NR] | 01508nam a2200337Ia 4500 |
| 005 - FECHA Y HORA DE LA ÚLTIMA TRANSACCIÓN | |
| control field | 20211105120654.0 |
| 008 - DE LONGITUD FIJA DE DATOS DE ELEMENTOS - INFORMACIÓN GENERAL | |
| Elementos de longitud fija [NR] | 130821s2016 sp a gr spa |
| 020 ## - NUMERO INTERNACIONAL NORMALIZADO PARA LIBROS [R] | |
| ISBN Cancelado/ Invalidado [R] | 9781416041962 |
| 020 ## - NUMERO INTERNACIONAL NORMALIZADO PARA LIBROS [R] | |
| Número Internacional Normalizado del libro [NR] | 9788445826584 (2a.Ed.) |
| 020 ## - NUMERO INTERNACIONAL NORMALIZADO PARA LIBROS [R] | |
| Número Internacional Normalizado del libro [NR] | 9788445802007 |
| 040 ## - FUENTE DE CATALOGACION [NR] | |
| Agencia de catalogación original [NR] | CO-Bo-UCM |
| Idioma de catalogación [NR] | spa |
| Quien Cataloga | Saul Niño (Modificó) |
| Quien Clasifica | [Nuevo] |
| 041 00 - CODIGO DE IDIOMA [R] | |
| Código de idioma para texto/pista de sonido o título separado [R] | Español |
| 060 00 - SIGNATURA TOPOGRAFICA DE LA BIBLIOTECA NACIONAL DE MEDICINA (NLM) [R] | |
| Número clasificador [R] | QT 104 |
| 100 1# - ASIENTO PRINCIPAL--NOMBRE PERSONAL [NR] | |
| Nombre personal [NR] | Mulroney, Susan E. |
| ID Autoridad | 66371 |
| 245 10 - MENCION DE TITULO [NR] | |
| Título [NR] | Netter fundamentos de fisiología |
| Mención de responsabilidad, etc. [NR] | Susan E. Mulroney yAdam K. Myers ; Ilustraciones de Frank H. Netter |
| 260 ## - PUBLICACION, DISTRIBUCION, ETC. (PIE DE IMPRENTA) [R] | |
| Lugar de publicación, distribución, etc. [R] | Barcelona (España) |
| Nombre del editor, distribuidor, etc. [R] | Elsevier |
| Fecha de publicación, distribución, etc. [R] | 2016 |
| 300 ## - DESCRIPCION FISICA [R] | |
| Extensión [R] | xv, 402 páginas |
| Otros detalles físicos [NR] | ilustraciones |
| 500 ## - NOTA GENERAL [R] | |
| Nota general [NR] | Incluye índice |
| 650 #7 - ASIENTO SECUNDARIO DE MATERIA - TERMINO TEMATICO [R] | |
| Término temático o nombre geográfico como elemento de entrada [NR] | Aparato respiratorio |
| Subdivisión general [R] | Fisiología |
| 9 (RLIN) | 9223 |
| 650 #7 - ASIENTO SECUNDARIO DE MATERIA - TERMINO TEMATICO [R] | |
| Término temático o nombre geográfico como elemento de entrada [NR] | Biología humana |
| 9 (RLIN) | 7344 |
| 650 #7 - ASIENTO SECUNDARIO DE MATERIA - TERMINO TEMATICO [R] | |
| Término temático o nombre geográfico como elemento de entrada [NR] | Fisiología celular |
| 9 (RLIN) | 15929 |
| 650 #7 - ASIENTO SECUNDARIO DE MATERIA - TERMINO TEMATICO [R] | |
| Término temático o nombre geográfico como elemento de entrada [NR] | Fisiología humana |
| 9 (RLIN) | 15943 |
| 650 #7 - ASIENTO SECUNDARIO DE MATERIA - TERMINO TEMATICO [R] | |
| Término temático o nombre geográfico como elemento de entrada [NR] | Fisiología |
| 9 (RLIN) | 15925 |
| 650 #7 - ASIENTO SECUNDARIO DE MATERIA - TERMINO TEMATICO [R] | |
| Término temático o nombre geográfico como elemento de entrada [NR] | Sistema cardiovascular |
| Subdivisión general [R] | Fisiología |
| 9 (RLIN) | 24511 |
| 690 ## - ASUNTO AGREGADO LOCAL DE ENTRADA - TÉRMINO TEMÁTICO (OCLC, RLIN) | |
| Acceso temático local | Fisiología |
| 9 (RLIN) | 15925 |
| 700 1# - ASIENTO SECUNDARIO - NOMBRE PERSONAL [R] | |
| Nombre personal [NR] | Myers, Adam K. |
| 9 (RLIN) | 66372 |
| 700 1# - ASIENTO SECUNDARIO - NOMBRE PERSONAL [R] | |
| Nombre personal [NR] | Netter, Frank H. |
| Fechas asociadas con el nombre [NR] | 1906-1991 |
| 9 (RLIN) | 41622 |
| 765 1# - ASIENTO DE IDIOMA ORIGINAL [R] | |
| Título [NR] | Netters's Essential Physiology |
| 856 4# - LOCALIZACION Y ACCESO ELECTRONICOS [R] | |
| Identificador Uniforme del Recurso (“URI”) [R] | <a href="http://ez.urosario.edu.co/login?url=http://crai-recursos.urosario.edu.co/valida/index2.php?correo=^u&url=https%3A%2F%2Fstudentconsult.inkling.com%2Fread%2Fmulroney-netters-essential-physiology-2%2Fvideos%2Fvideo-tutorials&cadena=TmV0dGVyIGZ1bmRhbWVudG9zIGRlIGZpc2lvbG9nw61hfHdlYmlibGlvdGVjYUB1cm9zYXJpby5lZHUuY298dXJvc2FyaW8=">http://ez.urosario.edu.co/login?url=http://crai-recursos.urosario.edu.co/valida/index2.php?correo=^u&url=https%3A%2F%2Fstudentconsult.inkling.com%2Fread%2Fmulroney-netters-essential-physiology-2%2Fvideos%2Fvideo-tutorials&cadena=TmV0dGVyIGZ1bmRhbWVudG9zIGRlIGZpc2lvbG9nw61hfHdlYmlibGlvdGVjYUB1cm9zYXJpby5lZHUuY298dXJvc2FyaW8=</a> |
| Nota dirigida al público [R] | Material complementario |
| 942 ## - ELEMENTOS DE ENTRADA AGREGADOS (KOHA) | |
| Tipo de ítem principal el descrito en 300a | Libro |
| Tema principal | Ciencias de la salud |
| Edición | 2 |
| Parte restante de la signatura top. | M961f |
| Sistema de clasificación | NLM |
| Clasificación | QT 104 |
| Título oculto en OPAC | No |
| Fecha de último préstamo | Total préstamos | Total Renewals | Signatura topográfica | Código de barras | Última vez visto | Ejemplar | Price effective from | Tipo de ítem | Perdido | Sistema de clasificación | Dañado | No prestable | Tipo de ítem específico | Suprimido | Ubicación habitual | Ubicación actual | Localización | Fecha de creación | Forma de adquisición | Costo | Costo de reposición | Proveedor | Volúmen / Fascículo |
|---|---|---|---|---|---|---|---|---|---|---|---|---|---|---|---|---|---|---|---|---|---|---|---|
| 13/03/2025 | 110 | 51 | QT 104 M961f | 200022055 | 03/02/2026 | Ej.5 | 03/02/2013 | Libro | NLM | Libro | Quinta de Mutis | Quinta de Mutis | 1er piso | 28/02/2013 | Compra | 108000.00 | |||||||
| 08/11/2019 | 119 | 45 | QT 104 M961f | 200022054 | 29/01/2026 | Ej.4 | 03/02/2013 | Libro | NLM | Libro | Quinta de Mutis | Quinta de Mutis | 1er piso | 28/02/2013 | Compra | 108000.00 | |||||||
| 12/02/2026 | 126 | 66 | QT 104 M961f | 200022056 | 12/02/2026 | Ej.6 | 03/02/2013 | Libro | NLM | Libro | Quinta de Mutis | Quinta de Mutis | 1er piso | 28/02/2013 | Compra | 108000.00 | |||||||
| 22/09/2025 | 105 | 67 | QT 104 M961f | 200022052 | 11/12/2025 | Ej.2 | 03/02/2013 | Libro | NLM | Libro | Quinta de Mutis | Quinta de Mutis | 1er piso | 28/02/2013 | Compra | 108000.00 | |||||||
| 17/03/2025 | 130 | 58 | QT 104 M961f | 200022053 | 11/02/2026 | Ej.3 | 03/02/2013 | Libro | NLM | Libro | Quinta de Mutis | Quinta de Mutis | 1er piso | 28/02/2013 | Compra | 108000.00 | |||||||
| 28/01/2026 | 110 | 64 | QT 104 M961f | 200022051 | 14/04/2026 | Ej.1 | 03/02/2013 | Libro | NLM | Libro | Quinta de Mutis | Quinta de Mutis | 1er piso | 28/02/2013 | Compra | 108000.00 | |||||||
| 19/01/2026 | 67 | 61 | QT 104 M961f | 200028153 | 18/03/2026 | Ej.7 | 03/12/2014 | Libro | NLM | Libro | Quinta de Mutis | Quinta de Mutis | 1er piso | 03/12/2014 | Compra | 97800.00 | 97800.00 | 26 | |||||
| 13/04/2026 | 27 | 25 | QT 104 M961f | 100159844 | 20/04/2026 | Ej.2 | 29/04/2019 | Libro | NLM | Libro | Quinta de Mutis | Quinta de Mutis | 1er piso | 29/04/2019 | Compra | 160500.00 | 160500.00 | 26 | 2a.Ed. | ||||
| 06/04/2026 | 2 | QT 104 M961f | 100159843 | 13/04/2026 | Ej.1 | 29/04/2019 | Libro de reserva | NLM | Libro de reserva | Quinta de Mutis | Quinta de Mutis | 1er piso | 29/04/2019 | Compra | 160500.00 | 160500.00 | 26 | 2a.Ed. |